000 00668nam a22002297a 4500
999 _c9772
_d9772
003 AR-CdUCM
008 190328b ||||| |||| 00| 0 spa d
040 _aMUNICIPALIDAD PROVINCIAL DEL CUSCO
_cBIBLIOTECA MUNICIPAL DEL CUSCO
041 _hfr.
082 _a848 /
_bA65S / 1946
100 _aAragón, Louis
_926204
245 _aEl siglo era joven /
260 _aBuenos Aires :
_bEdit. Claridad,
_c1946.
300 _a528 paginas ;
_c20 cm.
505 _aContenido : Novela /
650 _aLiteratura francesa
_9913
650 _aNovelas
_9218
650 _aSigloXX
_92896
700 _aLeón Mirlas (traductor)
_910378
942 _2ddc
_cLIBROS
945 _arjall